Practical Implementation of Improving Students' Knowledge of Cloud Computing
Definícia cloud computingu. Výhody a nevýhody cloud computingu (CC) vo vzdelávaní. Štyri modely implementácie CC: úložisko ako služba (storage as a service), softvér ako služba (software as a service), platforma ako služba (platform as a service), infraštruktúra ako služba (infrastructure as a servi...
Enregistré dans:
| Auteur principal: | |
|---|---|
| Autres auteurs: | , |
| Format: | Chapitre de livre |
| Langue: | anglais |
| Sujets: | |
| Tags: |
Pas de tags, Soyez le premier à ajouter un tag!
|
MARC
| LEADER | 00000nla a2200000 4500 | ||
|---|---|---|---|
| 001 | 0247805 | ||
| 005 | 20240502083702.0 | ||
| 041 | 0 | |a eng | |
| 044 | |a KZ | ||
| 245 | 1 | 0 | |a Practical Implementation of Improving Students' Knowledge of Cloud Computing |c A.K. Sadvakassova, M. Serik, J. Kultan |
| 520 | |a Definícia cloud computingu. Výhody a nevýhody cloud computingu (CC) vo vzdelávaní. Štyri modely implementácie CC: úložisko ako služba (storage as a service), softvér ako služba (software as a service), platforma ako služba (platform as a service), infraštruktúra ako služba (infrastructure as a service). Vzdelávací cloud (obrazovateľnoje oblako) ako príklad ruskej vzdelávacej cloudovej platformy (http://ooblako.ru/). Skúsenosti s využívaním CC pri výučbe na Eurázijskej národnej univerzite L. N. Gumileva v Kazachstane - napríklad pri výučbe programovania budúcich učiteľov počítačovej vedy. | ||
| 610 | 2 | 0 | |a počítače |
| 610 | 2 | 0 | |a cloud computing |
| 610 | 2 | 0 | |a technológie informačné |
| 610 | 2 | 0 | |a technológie komunikačné |
| 610 | 2 | 0 | |a vzdelávanie |
| 610 | 2 | 0 | |a vzdelávanie elektronické |
| 610 | 2 | 0 | |a vzdelávanie dištančné |
| 610 | 2 | 0 | |a programovanie |
| 610 | 2 | 0 | |a učitelia |
| 610 | 2 | 0 | |a vyučovanie |
| 610 | 2 | 0 | |a výučba vedecká |
| 610 | 2 | 0 | |a študenti |
| 610 | 2 | 0 | |a univerzity |
| 610 | 2 | 0 | |a Kazachstan |
| 610 | 2 | 0 | |a Rusko |
| 100 | 1 | |a Sadvakassova, A. K. | |
| 700 | 1 | |a Serik, M. | |
| 700 | 1 | |a Kultan, Jaroslav, 1960- | |